[Event "Detroit (Class C/2/7)"]
[Site "?"]
[Date "1994.??.??"]
[Round "?"]
[White "Boyle, John"]
[Black "Bloch, Hermann"]
[Result "1-0"]
[WhiteElo "1605"]
[BlackElo "1605"]
[PlyCount "137"]
[EventDate "1994.??.??"]

{2/(7)} 1. d4 d5 2. e3 Nf6 3. Bd3 Nbd7 4. Nd2 e6 5. f4 c5 6. c3 a6 7. Ngf3 c4
8. Bc2 Be7 9. O-O g6 10. Ne5 Nh5 11. Qg4 f5 12. Qh3 Ndf6 13. Kh1 b5 14. g4 fxg4
15. Nxg4 Nxg4 16. Qxg4 e5 17. Qg2 e4 18. b3 Bf5 19. bxc4 bxc4 20. Ba4+ Kf7 21.
Rb1 Qc8 22. Rg1 Qe6 23. Bd1 Nxf4 24. exf4 e3 25. Nf3 Bxb1 26. Ne5+ Kg7 27. Bxe3
Be4 28. Bf3 Bxf3 29. Qxf3 Rhf8 30. Ng4 Rab8 31. Qh3 Qe4+ 32. Qg2 Qxg2+ 33. Kxg2
Rb2+ 34. Kf3 Rxa2 35. Rb1 h5 36. Ne5 Rxh2 37. Rb7 Re8 38. f5 gxf5 39. Bg5 Rh3+
40. Kf4 Kf8 41. Ng6+ Kf7 42. Nxe7 Ke6 43. Rb6+ Kd7 44. Rb7+ Kd6 45. Bf6 Rxe7
46. Bxe7+ Kc6 47. Ra7 Rxc3 48. Rxa6+ Kd7 49. Ra3 Rxa3 50. Bxa3 Ke6 51. Bb2 Kf6
52. Bc3 Kg6 53. Be1 Kf6 54. Bc3 h4 55. Be1 h3 56. Kg3 h2 57. Kxh2 f4 58. Kg2
Kf5 59. Kf3 Kg5 60. Bd2 Kf5 61. Bxf4 Ke6 62. Bd2 Kf5 63. Bc1 Kf6 64. Kf4 c3 65.
Be3 Ke6 66. Kg5 Kd6 67. Kf6 Kc6 68. Ke6 c2 69. Bf4 1-0

[Event "Eastpointe (MI Action/6/19)"]
[Site "?"]
[Date "1994.??.??"]
[Round "?"]
[White "Boyle, John"]
[Black "Banks, David"]
[Result "1-0"]
[WhiteElo "1605"]
[BlackElo "1605"]
[PlyCount "50"]
[EventDate "1994.??.??"]

{6/(19)} 1. d4 e6 2. e3 d5 3. Bd3 Nf6 4. Nd2 c5 5. c3 c4 6. Bc2 Bd6 7. f4 O-O
8. Ngf3 h6 9. O-O Nbd7 10. Ne5 Bxe5 11. fxe5 Ng4 12. Qxg4 f6 13. Qxe6+ Rf7 14.
Qf5 Nf8 15. Qh5 Nd7 16. e6 Rf8 17. exd7 Bxd7 18. e4 dxe4 19. Nxe4 Be8 20. Qg4
h5 21. Qf5 Bd7 22. Nxf6+ Rxf6 23. Qh7+ Kf7 24. Rxf6+ Qxf6 25. Qxh5+ Ke7 1-0

[Event "Detroit (Class DE/3/16)"]
[Site "?"]
[Date "1994.??.??"]
[Round "?"]
[White "Boyer, Mike"]
[Black "Spangler, Richard"]
[Result "0-1"]
[WhiteElo "1605"]
[BlackElo "1605"]
[PlyCount "92"]
[EventDate "1994.??.??"]

{3/(16)} 1. e4 d5 2. e5 c5 3. Bb5+ Bd7 4. Bxd7+ Qxd7 5. d3 Nc6 6. Nf3 e6 7. Nc3
h6 8. Bd2 Nge7 9. Bf4 Ng6 10. Bg3 Be7 11. h3 Bd8 12. O-O Bc7 13. Re1 Ba5 14.
Re2 O-O 15. Nh4 Nxh4 16. Bxh4 Bd8 17. Bg3 Rb8 18. a4 a6 19. Re1 Ba5 20. Bf4 d4
21. Re4 dxc3 22. bxc3 Bxc3 23. Ra3 Ba5 24. Qg4 f5 25. exf6 Rxf6 26. Bxb8 Nxb8
27. Ra1 Qf7 28. Rf1 Bc3 29. Rc4 Bd4 30. a5 Rxf2 31. Rxf2 Qxf2+ 32. Kh2 Be5+ 33.
Rf4 Bxf4+ 34. Qxf4 Qxf4+ 35. Kg1 Qd2 36. Kh2 Qxc2 37. Kg3 Qxd3+ 38. Kf2 c4 39.
Kg1 c3 40. Kh1 c2 41. Kg1 Qg3 42. Kf1 c1=R+ 43. Ke2 Qc3 44. Kf2 Rc2+ 45. Kg1 h5
46. g4 Qe1# 0-1

[Event "Detroit (Class DE/5/14)"]
[Site "?"]
[Date "1994.??.??"]
[Round "?"]
[White "Boyer, Mike"]
[Black "Roberts, Andy"]
[Result "1-0"]
[WhiteElo "1605"]
[BlackElo "1605"]
[PlyCount "77"]
[EventDate "1994.??.??"]

{5/(14)} 1. e4 e5 2. Nf3 Nc6 3. Bc4 h6 4. d3 Nf6 5. h3 Bc5 6. Nc3 a6 7. a3 d6
8. Nd5 Bd7 9. b4 Bb6 10. Nxb6 cxb6 11. Be3 b5 12. Bb3 O-O 13. Nh4 Nxe4 14. Ng6
Nxf2 15. Bxf2 Re8 16. Qf3 Be6 17. Bxe6 Rxe6 18. Bh4 Qc7 19. O-O Rxg6 20. c3 Re6
21. Rae1 Ree8 22. Qg4 g6 23. Re2 h5 24. Qg5 Rf8 25. Qh6 f6 26. Qxg6+ Qg7 27.
Qxh5 Qh7 28. Qg4+ Qg7 29. Qe6+ Kh8 30. Rxf6 Rae8 31. Rh6+ Qh7 32. Bf6+ Rxf6 33.
Qxf6+ Kg8 34. Rg6+ Qxg6 35. Qxg6+ Kf8 36. Rf2+ Ke7 37. Rf7+ Kd8 38. Qxd6+ Kc8
39. Qc7# 1-0

[Event "Detroit (Class DE/1/7)"]
[Site "?"]
[Date "1994.??.??"]
[Round "?"]
[White "Boyer, Mike"]
[Black "Beydoun, M."]
[Result "1/2-1/2"]
[WhiteElo "1605"]
[BlackElo "1605"]
[PlyCount "89"]
[EventDate "1994.??.??"]

{1/(7)} 1. e4 c5 2. Nf3 Nc6 3. Bb5 a6 4. Bxc6 bxc6 5. d3 Nf6 6. Nc3 g6 7. Bg5
Bg7 8. Qd2 O-O 9. Bh6 Qb6 10. Rb1 d6 11. h3 Rb8 12. Bxg7 Kxg7 13. Na4 Qb4 14.
Qxb4 cxb4 15. b3 e5 16. Nd2 Be6 17. Nf3 c5 18. Ng5 Bd7 19. Nb2 h6 20. Nf3 Rfe8
21. Nc4 d5 22. Ncxe5 dxe4 23. dxe4 Nxe4 24. O-O Bf5 25. Nd3 Nc3 26. Ra1 Bxd3
27. cxd3 Re2 28. d4 cxd4 29. Nxd4 Rxa2 30. Rxa2 Nxa2 31. Ra1 Rd8 32. Nf3 Nc3
33. Rxa6 Rd1+ 34. Kh2 Rb1 35. Nd4 Rb2 36. Kg3 Rd2 37. Nc6 Rd3+ 38. Kh2 Nd5 39.
Ra5 Nf4 40. Nxb4 Rxb3 41. Nd5 Nxd5 42. Rxd5 f5 43. f3 Re3 44. Rd4 Re2 45. Ra4
1/2-1/2

[Event "Detroit (MOR/3/1)"]
[Site "?"]
[Date "1994.??.??"]
[Round "?"]
[White "Bostic, Donald"]
[Black "Neshewat, Michael"]
[Result "0-1"]
[WhiteElo "1690"]
[BlackElo "1790"]
[PlyCount "98"]
[EventDate "1994.??.??"]

{3/(1)} 1. c4 e6 2. Nc3 d5 3. cxd5 exd5 4. d4 Be7 5. g3 Nf6 6. Bg2 O-O 7. Nf3
c6 8. O-O Nbd7 9. Bg5 h6 10. Bxf6 Nxf6 11. e3 Bf5 12. Nh4 Bg4 13. Bf3 Bd7 14.
Qc2 Bh3 15. Bg2 Bxg2 16. Kxg2 Nh7 17. Nf3 Ng5 18. Nxg5 Bxg5 19. f4 Be7 20. Rf2
f5 21. Qe2 Qe8 22. Rg1 Qg6 23. h3 Rae8 24. Kf1 Bf6 25. Qf3 Kh8 26. Rd2 Bd8 27.
g4 fxg4 28. Rxg4 Qe6 29. Nd1 g5 30. Rdg2 Rxf4 31. Rxf4 gxf4 32. Qxf4 Bg5 33.
Qf3 Qd6 34. Qh5 Rf8+ 35. Kg1 Qf6 36. Qe2 Qf3 37. Kh2 Qxe2 38. Rxe2 Kg7 39. Kg2
Kh7 40. Kg3 Rf1 41. Rd2 Kg6 42. h4 Bd8 43. Nf2 Kh5 44. Nh3 Bxh4+ 45. Kg2 Rf7
46. Nf4+ Kg4 47. Kg1 Bg5 48. Rg2+ Kf5 49. Rf2 Ke4 $138 0-1

[Event "Detroit (MOR/6/7)"]
[Site "?"]
[Date "1994.??.??"]
[Round "?"]
[White "Bostic, Donald"]
[Black "Drysdale, Gilbert"]
[Result "0-1"]
[WhiteElo "1690"]
[BlackElo "1755"]
[PlyCount "52"]
[EventDate "1994.??.??"]

{6/(7)} 1. Nf3 f5 2. g3 c5 3. Bg2 Nc6 4. d3 e5 5. O-O Be7 6. b3 Bf6 7. e4 d6 8.
Bb2 Nge7 9. Nbd2 g6 10. exf5 gxf5 11. Ne1 Be6 12. f4 Qd7 13. Nef3 O-O-O 14. Nc4
Ng6 15. a4 Qe7 16. fxe5 dxe5 17. Qe1 Qg7 18. Na5 Rhg8 19. Nxc6 bxc6 20. Qa5 Nf4
21. Qxc5 Bd5 22. c4 Nxd3 23. Qa3 Bxf3 24. Bxf3 Nxb2 25. Bxc6 e4 26. Qc5 Bd4+
0-1

[Event "Detroit (MOR/1a/18)"]
[Site "?"]
[Date "1994.??.??"]
[Round "?"]
[White "Bostic, Donald"]
[Black "Charette, K."]
[Result "1-0"]
[WhiteElo "1690"]
[BlackElo "1605"]
[PlyCount "75"]
[EventDate "1994.??.??"]

1. c4 Nf6 2. Nc3 e6 3. g3 d5 4. cxd5 Nxd5 5. Bg2 c6 6. Nf3 Bd6 7. O-O O-O 8. d4
Bb4 9. Qc2 b5 10. e4 Ne7 11. e5 Ba6 12. Ng5 g6 13. Rd1 Nf5 14. Nf3 Qb6 15. a3
Be7 16. Bh3 Nd7 17. Bxf5 exf5 18. Qd2 Rfe8 19. Qh6 Bf8 20. Qh4 f6 21. exf6 b4
22. f7+ Kxf7 23. Ng5+ Ke7 24. Re1+ Kd8 25. Rxe8+ Kxe8 26. axb4 Bxb4 27. Bf4
Bxc3 28. bxc3 Kd8 29. Qxh7 Kc8 30. Re1 Qd8 31. Nf7 Qf8 32. Nd6+ Kc7 33. Re7 Rd8
34. Nf7+ Kc8 35. Ne5 Nf6 36. Rc7+ Kb8 37. Nxc6+ Ka8 38. Rxa7# 1-0

[Event "Detroit (MOR/5/18)"]
[Site "?"]
[Date "1994.??.??"]
[Round "?"]
[White "Bostic, Donald"]
[Black "Carpenter, O."]
[Result "1-0"]
[WhiteElo "1690"]
[BlackElo "1605"]
[PlyCount "113"]
[EventDate "1994.??.??"]

{5/(18)} 1. Nf3 Nf6 2. g3 g6 3. Bg2 Bg7 4. d3 d6 5. O-O O-O 6. e4 e5 7. b3 b6
8. Bb2 Bb7 9. Nbd2 Nbd7 10. Ne1 Re8 11. Rb1 d5 12. exd5 Bxd5 13. Bxd5 Nxd5 14.
c4 Nb4 15. a3 Nc6 16. f4 Bh6 17. fxe5 Be3+ 18. Kh1 Ndxe5 19. Ndf3 Ng4 20. Qc2
b5 21. Qc3 Bd4 22. Nxd4 Nxd4 23. Qxd4 Qxd4 24. Bxd4 Re2 25. Nf3 a6 26. Rbe1 Rc2
27. Re7 Rc8 28. Rfe1 Nf2+ 29. Bxf2 Rxf2 30. Ng5 Rd8 31. Re8+ Rxe8 32. Rxe8+ Kg7
33. Rc8 Kh6 34. Ne4 Rf1+ 35. Kg2 Ra1 36. cxb5 axb5 37. Rxc7 Rxa3 38. Nc5 Ra2+
39. Kh3 Rc2 40. d4 Rc1 41. Rxf7 Rd1 42. g4 Rxd4 43. g5+ Kxg5 44. Ne6+ Kh6 45.
Nxd4 g5 46. Nxb5 Kg6 47. Rf1 Kh5 48. Nd4 Kg6 49. b4 h5 50. b5 h4 51. Kg4 h3 52.
b6 Kh6 53. b7 Kg6 54. b8=Q Kg7 55. Qf8+ Kg6 56. Qf7+ Kh6 57. Rf6# 1-0

[Event "Detroit (Class C/5/4)"]
[Site "?"]
[Date "1994.??.??"]
[Round "?"]
[White "Bloch, Hermann"]
[Black "Hooks, Jerry"]
[Result "0-1"]
[WhiteElo "1605"]
[BlackElo "1605"]
[PlyCount "116"]
[EventDate "1994.??.??"]

{5/(4)} 1. e4 Nf6 2. Nc3 d5 3. exd5 Nxd5 4. Nxd5 Qxd5 5. Qf3 e6 6. Qxd5 exd5 7.
Bb5+ c6 8. Ba4 Nd7 9. d4 Nf6 10. f3 Bf5 11. Bd2 Bd6 12. O-O-O Bg6 13. Re1+ Kd7
14. Nh3 h6 15. g3 Rae8 16. Bf4 Bxf4+ 17. Nxf4 Bf5 18. g4 Bh7 19. h4 g5 20. hxg5
Rxe1+ 21. Rxe1 hxg5 22. Nh3 Bxc2 23. Bxc2 Rxh3 24. Bf5+ Kd6 25. Re3 b6 26. Kc2
Rh8 27. b4 Re8 28. Ra3 Re7 29. Kd2 Ne8 30. Bd3 Ng7 31. Ba6 Ne6 32. Rd3 Nf4 33.
Re3 Rxe3 34. Kxe3 c5 35. a3 cxd4+ 36. Kxd4 Ne6+ 37. Ke3 Ke5 38. Bb7 d4+ 39. Kd2
Nf4 40. Be4 Nh3 41. Ke2 Kf4 42. Kd3 Ng1 43. Bf5 Nxf3 44. a4 Ne5+ 45. Kxd4 Nxg4
46. Bc8 Ne5 47. Kd5 f5 48. Kd6 g4 49. Kc7 g3 50. Bb7 Nf3 51. Bxf3 Kxf3 52. Kb7
g2 53. Kxa7 g1=Q 54. Ka6 Qd4 55. Kb5 Ke4 56. a5 Qxb4+ 57. Kxb4 bxa5+ 58. Kxa5
f4 0-1

[Event "Detroit (Class C/3/11)"]
[Site "?"]
[Date "1994.??.??"]
[Round "?"]
[White "Bloch, Hermann"]
[Black "Brown, W."]
[Result "1-0"]
[WhiteElo "1605"]
[BlackElo "1605"]
[PlyCount "87"]
[EventDate "1994.??.??"]

{3/(11)} 1. e4 e5 2. Nf3 Nc6 3. Bb5 d6 4. d4 exd4 5. Nxd4 Bd7 6. Nxc6 bxc6 7.
Bc4 Nf6 8. O-O Nxe4 9. Re1 d5 10. f3 Bc5+ 11. Be3 Bxe3+ 12. Rxe3 O-O 13. fxe4
dxc4 14. c3 Be6 15. Qe2 Qe7 16. Nd2 Qc5 17. Kh1 Rad8 18. h3 Rd7 19. Nf3 Rfd8
20. Nd4 Qe5 21. Nxc6 Qc5 22. Nxd8 Rxd8 23. Rd1 Re8 24. Qd2 Kf8 25. Qd4 Qh5 26.
Rg3 f6 27. Rf1 Qh4 28. Kh2 Rc8 29. Rgf3 c5 30. Qd6+ Kf7 31. e5 Re8 32. Qxc5 f5
33. Qxa7+ Re7 34. Qe3 g6 35. a4 g5 36. g3 Qh6 37. h4 f4 38. Kg2 Bd5 39. Qd4 Qc6
40. hxg5 Rd7 41. Qxf4+ Kg6 42. Qf5+ Kg7 43. Qf8+ Kg6 44. Qh6# 1-0

[Event "Detroit (Class C/1/13)"]
[Site "?"]
[Date "1994.??.??"]
[Round "?"]
[White "Bloch, Hermann"]
[Black "Belill, Mike"]
[Result "1-0"]
[WhiteElo "1605"]
[BlackElo "1605"]
[PlyCount "99"]
[EventDate "1994.??.??"]

{1/(13)} 1. e4 c5 2. Nf3 d6 3. d4 cxd4 4. Nxd4 Nf6 5. Nc3 a6 6. Bg5 e6 7. f4
Be7 8. e5 dxe5 9. fxe5 Nd5 10. Bxe7 Nxe7 11. Nf3 O-O 12. Qd3 Nbc6 13. O-O-O
Qxd3 14. Bxd3 Ng6 15. Bxg6 hxg6 16. Rd2 Rd8 17. Rhd1 Rxd2 18. Rxd2 Kf8 19. Ne4
Ke7 20. Nd6 Rb8 21. a4 Bd7 22. c3 b5 23. axb5 axb5 24. b4 g5 25. h3 f5 26. g4
f4 27. Ne4 Rc8 28. Nc5 Be8 29. Rd6 Bf7 30. Rd7+ Ke8 31. Kb2 Nxb4 32. cxb4 Rxc5
33. Rxf7 Rc4 34. Rxg7 Rxb4+ 35. Kc3 Re4 36. Nxg5 Rxe5 37. h4 Re3+ 38. Kb4 f3
39. Rf7 Re4+ 40. Nxe4 Kxf7 41. Kxb5 e5 42. Kc5 Ke6 43. Ng5+ Kf6 44. Nxf3 e4 45.
Ng1 Ke5 46. Ne2 e3 47. Kc4 Ke4 48. g5 Kf3 49. Kd3 Kg4 50. g6 1-0

[Event "Detroit (MOR/1b/7)"]
[Site "?"]
[Date "1994.??.??"]
[Round "?"]
[White "Blake, J."]
[Black "Williams, Claude"]
[Result "1-0"]
[WhiteElo "1720"]
[BlackElo "1605"]
[PlyCount "27"]
[EventDate "1994.??.??"]

1. e4 c5 2. Nf3 Nc6 3. d4 cxd4 4. Nxd4 g6 5. Nc3 Bg7 6. Be3 d6 7. Bc4 Nf6 8. f3
Bd7 9. Qd2 e5 10. Nxc6 bxc6 11. Qxd6 Ng8 12. O-O-O Qe7 13. Qxe7+ Nxe7 14. Bxf7+
1-0

[Event "Detroit (MCO/B/1a/2)"]
[Site "?"]
[Date "1994.??.??"]
[Round "?"]
[White "Blake, J."]
[Black "Tracz, J."]
[Result "0-1"]
[WhiteElo "1720"]
[BlackElo "1755"]
[PlyCount "32"]
[EventDate "1994.??.??"]

1. e4 d5 2. exd5 Nf6 3. c4 e6 4. dxe6 Bxe6 5. Nf3 Nc6 6. a3 Bc5 7. Be2 Qe7 8.
O-O O-O-O 9. Nc3 Nd4 10. b4 Nxf3+ 11. Bxf3 Bd4 12. Qb3 Ng4 13. h3 Nxf2 14. Rxf2
Bxc4 15. Qxc4 Qe1+ 16. Qf1 Bxf2+ 0-1

[Event "Detroit (Class B/2/7)"]
[Site "?"]
[Date "1994.??.??"]
[Round "?"]
[White "Blake, J."]
[Black "Nicolli, Randy"]
[Result "1-0"]
[WhiteElo "1685"]
[BlackElo "1735"]
[PlyCount "82"]
[EventDate "1994.??.??"]

{2/(7)} 1. e4 e5 2. Nf3 Nc6 3. Bc4 d6 4. d4 Bg4 5. dxe5 Nxe5 6. Be2 Bxf3 7.
Bxf3 Ne7 8. Nc3 g6 9. Be2 Bg7 10. O-O O-O 11. Bc4 Nxc4 12. f4 Nc6 13. f5 Bd4+
14. Kh1 Ne3 15. Bxe3 Bxe3 16. Nd5 Bd4 17. c3 Be5 18. f6 Qd7 19. Qf3 Rae8 20.
Rf2 h6 21. Raf1 Kh7 22. Ne3 Rh8 23. Ng4 h5 24. Ne3 Kg8 25. Qe2 Nd8 26. Nf5 gxf5
27. Rxf5 Bxf6 28. Rxf6 Qg4 29. Qc4 Re7 30. R6f4 Qe6 31. Qd4 Rh6 32. Qf2 Nc6 33.
Qg3+ Qg6 34. Qh4 Rh7 35. R1f3 Re5 36. Rg3 Qxg3 37. Qxg3+ Rg7 38. Qh4 Reg5 39.
g3 Ne5 40. Rf5 Ng4 41. Rxg5 Rxg5 1-0

[Event "Detroit (Class B/3/4)"]
[Site "?"]
[Date "1994.??.??"]
[Round "?"]
[White "Blake, J."]
[Black "Morrow, Chris"]
[Result "1-0"]
[WhiteElo "1685"]
[BlackElo "1795"]
[PlyCount "95"]
[EventDate "1994.??.??"]

{3/(4)} 1. e4 Nc6 2. d4 d5 3. e5 Bf5 4. c3 e6 5. Bd3 Nge7 6. f4 Bxd3 7. Qxd3
Nf5 8. Nf3 Be7 9. O-O O-O 10. Nbd2 Na5 11. b4 Nc6 12. g4 Nh4 13. Nxh4 Bxh4 14.
g5 Bxg5 15. fxg5 Qxg5+ 16. Kh1 Ne7 17. Nf3 Qg6 18. Qe2 f6 19. Rg1 Qf7 20. Bd2
Ng6 21. Raf1 Qe7 22. Rg3 fxe5 23. Nxe5 Rxf1+ 24. Qxf1 Nxe5 25. dxe5 Rf8 26. Rf3
Rxf3 27. Qxf3 Qf7 28. Qxf7+ Kxf7 29. Kg2 Kg6 30. Be3 a6 31. Kf3 Kf5 32. Bd4 g6
33. h4 b6 34. a4 c5 35. a5 cxd4 36. axb6 dxc3 37. Ke3 d4+ 38. Kd3 Kxe5 39. b7
Kf4 40. b8=Q+ e5 41. Qb7 Kg3 42. Qe4 Kh3 43. Qxe5 Kxh4 44. Qxd4+ Kh3 45. Qxc3
g5 46. Ke4+ Kh4 47. Qe1+ Kh5 48. Kf5 1-0

[Event "Detroit (MOR/3/28)"]
[Site "?"]
[Date "1994.??.??"]
[Round "?"]
[White "Blake, J."]
[Black "McNeil, Yaking"]
[Result "1-0"]
[WhiteElo "1720"]
[BlackElo "1605"]
[PlyCount "103"]
[EventDate "1994.??.??"]

{3/(28)} 1. e4 c5 2. Nf3 Nc6 3. d4 cxd4 4. Nxd4 e5 5. Nf5 g6 6. Nd6+ Bxd6 7.
Qxd6 Qf6 8. Qd1 Nge7 9. Nc3 a6 10. Bh6 g5 11. Qh5 Rg8 12. h4 g4 13. Bg5 Qg6 14.
Qxg4 h6 15. Qf3 hxg5 16. hxg5 Qxg5 17. Bc4 Qg7 18. O-O-O b5 19. Nd5 Ra7 20.
Nf6+ Kf8 21. Rh7 Qg5+ 22. Kb1 bxc4 23. Nxd7+ Ke8 24. Qxf7+ Kd8 25. Nf6+ Bd7 26.
Qe6 Kc8 27. Rxd7 Rxd7 28. Qxd7+ Kb8 29. Nxg8 Qxg8 30. Rxe7 Nxe7 31. Qxe7 Qxg2
32. Qxe5+ Ka8 33. Qd5+ Kb8 34. Qd8+ Kb7 35. Qd7+ Kb8 36. Qd6+ Kb7 37. Qb4+ Ka7
38. Qc5+ Kb7 39. Qe7+ Kb6 40. Qd6+ Kb7 41. Qd5+ Kb8 42. a3 Qxf2 43. Qxc4 Qe1+
44. Ka2 Qh4 45. Qb4+ Ka7 46. e5 Qg5 47. Qd4+ Kb7 48. e6 Kc7 49. Qd7+ Kb6 50.
Qd6+ Kb7 51. e7 Qg8+ 52. b3 1-0

[Event "Detroit (MCO/B/5/2)"]
[Site "?"]
[Date "1994.??.??"]
[Round "?"]
[White "Blake, J."]
[Black "Lubben, Don"]
[Result "0-1"]
[WhiteElo "1720"]
[BlackElo "1795"]
[PlyCount "78"]
[EventDate "1994.??.??"]

{5/(2)} 1. e4 e6 2. d4 d5 3. e5 c5 4. c3 Nc6 5. Nf3 Qb6 6. Be2 Bd7 7. O-O cxd4
8. cxd4 Nge7 9. Nc3 Nf5 10. Na4 Qc7 11. g4 Nfe7 12. a3 h5 13. h3 hxg4 14. hxg4
f6 15. Bf4 Ng6 16. Bg3 fxe5 17. Rc1 Bd6 18. dxe5 Ngxe5 19. Nxe5 Bxe5 20. f4
Bd4+ 21. Kg2 e5 22. fxe5 Bxe5 23. Qd3 Bxg3 24. Qxg3 Qxg3+ 25. Kxg3 Nd4 26. Bd1
Rf8 27. Re1+ Kd8 28. Nc3 Bc6 29. Re5 Re8 30. Rh5 Rc8 31. Nxd5 Ne2+ 32. Bxe2
Rxe2 33. b3 Bd7 34. Rxc8+ Kxc8 35. Rg5 Bc6 36. Kf3 Rb2 37. Ke4 Rxb3 38. Ke5
Bxd5 39. Kxd5 Rb5+ 0-1

[Event "Detroit (MOR/6/30)"]
[Site "?"]
[Date "1994.??.??"]
[Round "?"]
[White "Blake, J."]
[Black "Kling, G."]
[Result "1-0"]
[WhiteElo "1720"]
[BlackElo "1605"]
[PlyCount "69"]
[EventDate "1994.??.??"]

{6/(30)} 1. e4 e6 2. d4 d5 3. e5 c5 4. c3 b6 5. Bd3 Qd7 6. f4 Ba6 7. Nf3 Bxd3
8. Qxd3 cxd4 9. cxd4 Nc6 10. a3 Nge7 11. Nc3 Nf5 12. g4 Nh6 13. h3 a6 14. O-O
Be7 15. f5 exf5 16. Bxh6 gxh6 17. gxf5 Rg8+ 18. Kh2 Bg5 19. Nxg5 Rxg5 20. Rg1
b5 21. Rxg5 hxg5 22. Rg1 h6 23. h4 O-O-O 24. a4 Nb4 25. Qh3 Rg8 26. hxg5 hxg5
27. axb5 Qd8 28. f6+ Kb7 29. bxa6+ Kxa6 30. Ra1+ Kb6 31. Qf1 Qd7 32. Na4+ Kc7
33. Nc5 Rh8+ 34. Kg3 Qc8 35. Ra7+ 1-0

[Event "Detroit (Class B/4/2)"]
[Site "?"]
[Date "1994.??.??"]
[Round "?"]
[White "Blake, J."]
[Black "Jordan, Willie"]
[Result "1/2-1/2"]
[WhiteElo "1685"]
[BlackElo "1705"]
[PlyCount "71"]
[EventDate "1994.??.??"]

{4/(2)} 1. e4 c6 2. d4 d5 3. e5 Bf5 4. Bd3 Bxd3 5. Qxd3 e6 6. f4 Qh4+ 7. g3 Qd8
8. Nf3 Nd7 9. O-O Nh6 10. c3 c5 11. Be3 Ng4 12. Bc1 c4 13. Qc2 h5 14. h3 Nh6
15. Nh4 Be7 16. Ng2 Nf5 17. Kh2 g5 18. Ne3 gxf4 19. Nxf5 exf5 20. Bxf4 Qb6 21.
Bc1 h4 22. Qxf5 hxg3+ 23. Kg2 O-O-O 24. Nd2 Qe6 25. Qxe6 fxe6 26. Kxg3 Rdg8+
27. Kh2 Bh4 28. Rf3 Rg7 29. Nf1 Rhg8 30. Be3 Rg2+ 31. Kh1 Rxb2 32. Nd2 Rc2 33.
Bh6 Bd8 34. a4 Ba5 35. Ra3 Bd8 36. Ra1 1/2-1/2

[Event "Detroit (MCO/B/2a/6)"]
[Site "?"]
[Date "1994.??.??"]
[Round "?"]
[White "Blake, J."]
[Black "Dupree, J."]
[Result "1-0"]
[WhiteElo "1720"]
[BlackElo "1750"]
[PlyCount "73"]
[EventDate "1994.??.??"]

1. e4 c5 2. Nf3 e6 3. d4 d5 4. exd5 Qxd5 5. Nc3 Qd8 6. d5 Nf6 7. Bg5 Be7 8.
Bb5+ Bd7 9. dxe6 fxe6 10. O-O O-O 11. Bc4 Nc6 12. Re1 Nd5 13. Bxe7 Ncxe7 14.
Nxd5 exd5 15. Bxd5+ Kh8 16. b3 Bg4 17. Bxb7 Qxd1 18. Raxd1 Rae8 19. h3 Bh5 20.
Rd7 Ng6 21. Rxe8 Rxe8 22. g4 Nf8 23. Rd5 Bg6 24. Rxc5 Re2 25. Rc8 Kg8 26. Kf1
Re7 27. Bd5+ Bf7 28. Bxf7+ Kxf7 29. c4 h6 30. Nd4 Ng6 31. Kg2 Rd7 32. Nf5 Kf6
33. Rc6+ Kg5 34. Rd6 Rf7 35. Kg3 Rf6 36. h4+ Nxh4 37. Rxf6 1-0

[Event "Warren (Warmup"]
[Site "?"]
[Date "1994.??.??"]
[Round "?"]
[White "Blake, J."]
[Black "Calton, David A"]
[Result "1-0"]
[WhiteElo "1745"]
[BlackElo "1765"]
[PlyCount "67"]
[EventDate "1994.??.??"]

1. e4 d6 2. d4 g6 3. Nf3 Bg7 4. Bd3 Nc6 5. c3 e5 6. d5 Nce7 7. h3 f5 8. O-O Nf6
9. Bb5+ c6 10. dxc6 bxc6 11. Ba4 fxe4 12. Nh2 O-O 13. Bb3+ d5 14. Re1 Kh8 15.
Be3 Ba6 16. Nd2 Nf5 17. Bc5 Re8 18. Qc1 Bd3 19. Qd1 Nd7 20. Ba3 Qb6 21. Nhf1
Nf6 22. Bc2 Bxc2 23. Qxc2 Bh6 24. Nb3 Nd7 25. Rad1 e3 26. fxe3 Bxe3+ 27. Kh1 d4
28. g4 Nh4 29. Nxe3 dxe3 30. Rxd7 c5 31. Qe4 Qf6 32. Qb7 e2 33. Rf7 Re7 34.
Qxa8+ 1-0

[Event "Warren (Warmup"]
[Site "?"]
[Date "1994.??.??"]
[Round "?"]
[White "Blake, J."]
[Black "Adleman, J."]
[Result "1-0"]
[WhiteElo "1745"]
[BlackElo "1605"]
[PlyCount "45"]
[EventDate "1994.??.??"]

1. e4 e5 2. Nf3 Nc6 3. Bc4 h6 4. O-O Bb4 5. c3 Ba5 6. b4 Bb6 7. a4 a5 8. b5
Nce7 9. Nxe5 d5 10. exd5 Nxd5 11. Qf3 Be6 12. Re1 Qf6 13. d4 Qxf3 14. Nxf3 f6
15. Rxe6+ Nde7 16. Ba3 Rh7 17. Nbd2 g5 18. Rae1 O-O-O 19. Bxe7 Nxe7 20. Rxe7
Rhh8 21. Rf7 Rd6 22. Ree7 Kd8 23. Ne4 1-0

[Event "Detroit (Beg/3/9)"]
[Site "?"]
[Date "1994.??.??"]
[Round "?"]
[White "Blackshear, J."]
[Black "Murani, J."]
[Result "0-1"]
[WhiteElo "1605"]
[BlackElo "1605"]
[PlyCount "86"]
[EventDate "1994.??.??"]

{3/(9)} 1. e4 c5 2. Nc3 Nc6 3. Nf3 Nf6 4. d4 cxd4 5. Nxd4 e5 6. Nxc6 dxc6 7.
Bc4 Bg4 8. Qxd8+ Rxd8 9. O-O b5 10. Be2 b4 11. f3 Bh5 12. Nd1 Bc5+ 13. Be3
Bxe3+ 14. Nxe3 Rd2 15. Rfe1 O-O 16. Rad1 Rfd8 17. Nf5 g6 18. Ne7+ Kf8 19. Nd5
Rxc2 20. Nxf6 Rxd1 21. Bxd1 Rxb2 22. Nxh5 gxh5 23. Bb3 a5 24. Bc4 a4 25. Re3
Rc2 26. Bd3 Rxa2 27. Re2 b3 28. Bc4 Rxe2 29. Bxe2 b2 30. Bd3 a3 31. Bb1 c5 32.
g4 hxg4 33. fxg4 c4 34. h4 c3 35. g5 a2 36. Bxa2 c2 37. h5 c1=Q+ 38. Kg2 Qa1
39. Bb3 b1=Q 40. Bd5 Qc3 41. g6 hxg6 42. hxg6 fxg6 43. Be6 Qbb2+ 0-1

[Event "Detroit (Beg/4/12)"]
[Site "?"]
[Date "1994.??.??"]
[Round "?"]
[White "Blackshear, J."]
[Black "Dangremond, J."]
[Result "1-0"]
[WhiteElo "1605"]
[BlackElo "1605"]
[PlyCount "55"]
[EventDate "1994.??.??"]

{4/(12)} 1. e4 e5 2. Nf3 Bc5 3. d4 Bxd4 4. Nxd4 exd4 5. Qxd4 Nc6 6. Qxg7 Qf6 7.
Qxf6 Nxf6 8. Bg5 Ke7 9. f4 h6 10. Bh4 Kd8 11. Bxf6+ Ke8 12. Bxh8 d6 13. e5 Bf5
14. Bd3 Bxd3 15. cxd3 Ke7 16. Bf6+ Kf8 17. Nc3 Re8 18. Nd5 dxe5 19. Nxc7 Rd8
20. Bxd8 exf4 21. Bf6 Nb4 22. O-O Nxd3 23. Nd5 f3 24. Rxf3 Nxb2 25. Re1 Kg8 26.
Ne7+ Kh7 27. Rg3 b6 28. Ree3 1-0

[Event "Detroit (MCO/C/5/12)"]
[Site "?"]
[Date "1994.??.??"]
[Round "?"]
[White "Black, T."]
[Black "Wright, Ken"]
[Result "1-0"]
[WhiteElo "1605"]
[BlackElo "1605"]
[PlyCount "67"]
[EventDate "1994.??.??"]

{5/(12)} 1. e4 d5 2. exd5 Qxd5 3. Nc3 Qa5 4. Nf3 Nf6 5. b3 e5 6. Qe2 Nc6 7. Qb5
Bd7 8. Nxe5 Qxb5 9. Nxb5 Bd6 10. Nxd6+ cxd6 11. Nc4 Ke7 12. Bb2 d5 13. Ne3 Be6
14. O-O-O Ne4 15. Re1 Nxf2 16. Rg1 d4 17. Nf5+ Kf8 18. Nxd4 Nxd4 19. Bxd4 Ng4
20. h3 Nh6 21. Bd3 b6 22. Rgf1 Rd8 23. Bb2 Rd5 24. Bc4 f6 25. Bxd5 Bxd5 26.
Ba3+ Kf7 27. Re7+ Kg6 28. Rxa7 Rd8 29. d3 Rc8 30. Rb7 b5 31. Bb4 Nf5 32. Rf4 h5
33. g4 Kg5 34. Rxf5+ {[Remainder illegible; 1-0, 53?]} 1-0

[Event "Detroit (MCO/C/3a/6)"]
[Site "?"]
[Date "1994.??.??"]
[Round "?"]
[White "Black, T."]
[Black "Sunts, A."]
[Result "1/2-1/2"]
[WhiteElo "1605"]
[BlackElo "1605"]
[PlyCount "101"]
[EventDate "1994.??.??"]

1. e4 e5 2. Nf3 Nc6 3. c3 g6 4. d4 exd4 5. Nxd4 Bg7 6. Be3 Nge7 7. Bc4 O-O 8.
O-O Ne5 9. Bb3 d6 10. f4 N5c6 11. Nf3 Bg4 12. Nbd2 d5 13. h3 Bxf3 14. Rxf3 d4
15. cxd4 Nxd4 16. Bxd4 Bxd4+ 17. Kh1 Bxb2 18. Rb1 Bg7 19. f5 Bh6 20. Nc4 Qxd1+
21. Rxd1 Rad8 22. Rfd3 Rxd3 23. Rxd3 gxf5 24. exf5 Nxf5 25. Ne5 Bf4 26. Nd7 Rc8
27. Nf6+ Kh8 28. Bxf7 Ng3+ 29. Kg1 Rf8 30. Rd7 Be5 31. Ne8 c5 32. Re7 Bd4+ 33.
Kh2 Nf1+ 34. Kh1 b5 35. Rxa7 Ng3+ 36. Kh2 Ne2 37. g4 b4 38. g5 Be5+ 39. Kg2
Nf4+ 40. Kg3 Ne6+ 41. Kg4 Ng7 42. Re7 Bd4 43. h4 Nxe8 44. Rxe8 Rxe8 45. Bxe8 c4
46. Bf7 c3 47. Bb3 Kg7 48. Kf5 h6 49. g6 Bf6 50. h5 Be7 51. Ke6 1/2-1/2